| 000 | 00372 a2200109 4500 | ||
|---|---|---|---|
| 001 | ART_2153 | ||
| 005 | 20260410161723.0 | ||
| 008 | 260409a | ||
| 245 | 1 | 0 | _aInvestigaciones en comercialización y sistema de información comercial |
| 100 | 1 | _aGaito, Horacio | |
| 773 | 0 |
_tAdministración de empresas _g- Año XX, Nº 229/230 (abr./may. 1989) _wREV2036 |
|
| 999 |
_c17126 _d17126 |
||